000 00607nam a2200217Ia 4500
003 IIN
005 20240129150331.0
008 231217s9999 xx 000 0 und d
020 _cRs.600.00
_a9789382076797
040 _aIIN
_bEnglish
082 _a611
_bSIN
100 1 _aSingh, Vishram
245 1 _aThieme Dissector
_cVishram Singh, G.P. Pal and S.D. Gangane
260 _bThieme Medical and Scientific
_aUttar Pradesh
_c2016
300 _axliii, 176 p.
440 _aUpper Limb and Thorax
_vV.1
650 1 _aAnatomy
700 1 _aPal, G.P.
700 1 _aGangane, S.D.
942 _cBOOK
999 _c1007
_d1007